000 00289nam a22001337a 4500
008 171013b xxu||||| |||| 00| 0 eng d
020 _a9780534555788
041 _aeng
080 _27 ED
_a316
100 _a51
101 _aSOC
245 _aSOCIOLOGY
_cSHEPARD.J.M
942 _2udc
_cBK
999 _c33800
_d33800